000 01612cam a22004574a 4500
001 muse16371
003 MdBmJHUP
005 20210127150931.0
006 m o d
007 cr||||||||nn|n
008 001206s2001 utu o 00 0 eng d
010 _z 00012852
020 _a9780874214512
020 _z0874214149
020 _z9780874214147
035 _a(OCoLC)51729057
040 _aMdBmJHUP
_cMdBmJHUP
050 0 4 _aPE1404
_b.F357 2001
082 0 _a808/.042/0711
_221
100 1 _aFarmer, Frank,
_d1951-
245 1 0 _aSaying And Silence
_cFrank Farmer.
264 1 _bUtah State University Press,
264 3 _bProject MUSE,
300 _a1 online resource (x, 171 p.)
504 _aIncludes bibliographical references (p. [159]-167) and index.
506 0 _aOpen Access
_fUnrestricted online access
_2star
588 _aDescription based on print version record.
650 0 _aReport writing
_xStudy and teaching (Higher)
650 0 _aEnglish language
_xRhetoric
_xStudy and teaching.
600 1 1 _aBakhtin, M. M.
_q(Mikhail Mikhaĭlovich),
_d1895-1975.
655 7 _aElectronic books.
_2local
710 2 _aProject Muse.
_edistributor
830 0 _aBook collections on Project MUSE.
856 4 0 _zFull text available:
_uhttps://muse.jhu.edu/book/9323/
945 _aProject MUSE - Archive Higher Education Foundation
945 _aProject MUSE - Archive Complete Foundation
999 _c24018
_d24018